বিষয়বস্তু এড়িয়ে যান
VuFind
ভাষা
English
Deutsch
Español
Français
Italiano
日本語
Nederlands
Português
Português (Brasil)
中文(简体)
中文(繁體)
Türkçe
עברית
Gaeilge
Cymraeg
Ελληνικά
Català
Euskara
Русский
Čeština
Suomi
Svenska
polski
Dansk
slovenščina
اللغة العربية
বাংলা
Galego
Tiếng Việt
Hrvatski
हिंदी
সমস্ত ক্ষেত্রসমূহ
আখ্যা
লেখক
বিষয়
ডাক সংখ্যা
আইসবিএন/আইএসএসএন
ট্যাগ
অনুসন্ধান
বিস্তৃত
অনুসন্ধান
Cinema-Kanakkum kavithayum
সাইট করুন
এই ই-মেইলটি
মুদ্রণ
নথি এক্সপোর্ট করুন
এক্সপোর্ট করুন RefWorks
এক্সপোর্ট করুন EndNoteWeb
এক্সপোর্ট করুন EndNote
permanent_link
লোডিং...
Cinema-Kanakkum kavithayum
other_versions_link
গ্রন্থ-পঞ্জীর বিবরন
প্রধান লেখক:
Sreekumaran Thampi
প্রকাশিত:
NBS
হোল্ডিংস
বিবরন
other_versions_title
অনুরূপ উপাদানগুলি
স্টাফেদের বিবরণ দেখুন
LEADER
00190 a2200097 4500
020
260
|b
NBS
942
|c
BK
|6
_
245
|a
Cinema-Kanakkum kavithayum
100
|a
Sreekumaran Thampi
999
|c
62119
|d
62119
অনুরূপ উপাদানগুলি
Cinema: Kanakkum kavithayum
অনুযায়ী: Sreekumaran Thampi
প্রকাশিত: (1989)
Cinema: Kanakkum Kavithayum
অনুযায়ী: Sreekumaran Thambi
প্রকাশিত: (1989)
Cinema :Kanakkum Kavithayum : study
অনুযায়ী: Sreekumaran Thampi
প্রকাশিত: (1989)
Cinema: kanakkum kavithayum/
অনুযায়ী: Sreekumaran Thampi
প্রকাশিত: (2010)
Chandramasa Nirnayam Kanakkum Kazhchayum /
অনুযায়ী: Sullami Abdussalam A.
প্রকাশিত: (2005)
লোডিং...